000 01433nam0a2200277 i 4500
001 RU\NLR\BIBL_A\011263643
005 20260406004928.0
010 _a9785783112676
_9250
021 _aRU
_b2016-81134
_95298
035 _a(NLR Aleph) 011263643
090 _a12230761
_c12230761
100 _a20161108d2015 k y0rusy50 ca
101 0 _arus
102 _aRU
105 _aab||z|||000zy
200 1 _aГеоинформационные системы мониторинга магнитного поля Земли
_eмонография
_fА.В. Воробьёв
_gМ-во образования и науки Рос. Федерации, Федер. гос. бюджет. образоват. учреждение высш. проф. образования "Уфим. гос. нефтяной техн. ун-т"
210 _aУфа
_cИзд-во УГНТУ
_d2015
215 _a131 с.
_cил., карт.
_d20
320 _aБиблиогр.: с. 125-131 и в тексте
607 _aЗемля, планета
_xМагнитное поле
_xИсследования
_xГеоинформационные системы
_92267651
_3RU\NLR\AUTH\6601588630
686 1 _aД214.21с51
700 1 _8rus
_7ca
_aВоробьев
_bА. В.
_cканд. техн. наук
_gАндрей Владимирович
_3RU\NLR\AUTH\77114422
_997347
942 _cBOOK
980 _aNBR